Del aparato (Record no. 168507)

MARC details
000 -LEADER
campo de control de longitud fija 00624nam a22002175i 4500
001 - NÚMERO DE CONTROL
campo de control 168507
003 - IDENTIFICADOR DE NÚMERO DE CONTROL
campo de control ES-MaACL
005 - FECHA Y HORA DE LA ÚLTIMA TRANSACCIÓN
campo de control 20250523062601.0
008 - DATOS DE LONGITUD FIJA--INFORMACIÓN GENERAL
campo de control de longitud fija 080416s1999 sp |||| | spa d
020 ## - NÚMERO INTERNACIONAL ESTÁNDAR DEL LIBRO
Número Internacional Estándar del Libro 84-85708-53-9
080 ## - NÚMERO DE LA CLASIFICACIÓN DECIMAL UNIVERSAL
Número de la Clasificación Decimal Universal 81:1
100 1# - ENTRADA PRINCIPAL--NOMBRE DE PERSONA
Nombre de persona García Calvo, Agustín,
Fechas asociadas al nombre 1926-2012
Término indicativo de función/relación Autor
9 (RLIN) 233841
245 10 - MENCIÓN DEL TÍTULO
Título Del aparato
Resto del título : (del lenguaje III) /
Mención de responsabilidad, etc. Agustín García Calvo.
250 ## - MENCION DE EDICION
Mención de edición 1ª ed.
260 ## - PUBLICACIÓN, DISTRIBUCIÓN, ETC.
Lugar de publicación, distribución, etc. Zamora :
Nombre del editor, distribuidor, etc. Lucina,
Fecha de publicación, distribución, etc. 1999.
300 ## - DESCRIPCIÓN FÍSICA
Extensión 543 p. ;
Dimensiones 19 cm.
650 #4 - PUNTO DE ACCESO ADICIONAL DE MATERIA--TÉRMINO DE MATERIA
Término de materia o nombre geográfico como elemento de entrada Lenguaje y lógica.
9 (RLIN) 14350
852 ## - LOCALIZACIÓN
Ubicación ES-MaACL
Número de control de estantería L-29352
itemnumber R.143366
942 ## - ELEMENTOS DE ENTRADA SECUNDARIOS (KOHA)
Fuente del sistema de clasificación o colocación Clasificación decimal universal
Holdings
Estatus retirado Estado de pérdida Estado de daño No para préstamo Biblioteca de origen Biblioteca actual Ubicación en estantería Fecha de adquisición Fuente de adquisición Total de préstamos Signatura topográfica completa Código de barras Visto por última vez Precio de reemplazo Tipo de ítem Koha
        Biblioteca del Ateneo de Madrid Biblioteca del Ateneo de Madrid Depósito 2 16/04/2008     L-29352 1176833 23/02/2023 23/02/2023 Libro impreso